History Quiz

Random History or Famous Quiz
Score 0/16 Timer 04:00
0 Plays Today
Misquote Person % Correct
'I invented the internet.'Al Gore
75.6%
'The only two certainties in life are death and taxes.'Mark Twain
55.9%
'Anything that can go wrong, will.'Edward Murphy
52.8%
'The strongest reason for people to retain the right to keep and bear arms is, as a last resort, to protect themselves against tyranny in government.'Thomas Jefferson
43.3%
'Because it's there.'Sir Edmund Hillary
24.6%
'Billions and Billions.'Carl Sagan
21.7%
'If I have seen farther, it is by standing on the shoulders of giants.”Isaac Newton
19.6%
'Dreams are the royal road to consciousness.'Sigmund Freud
17.6%
Misquote Person % Correct
'Go west, young man.'Horace Greeley
13.6%
'Damn the torpedoes, full speed ahead!'David Farragut
8.9%
'I've just had eighteen straight whiskeys in a row – I do believe that is some sort of record.'Dylan Thomas
8.5%
'The hottest places in hell are reserved for those who in times of great moral crisis maintain their neutrality.'Dante
6.4%
'It is necessary only for the good man to do nothing for evil to triumph.'Edmund Burke
3.3%
'Power corrupts; absolute power corrupts absolutely.'Lord Acton
3.3%
'When I hear the word 'culture', I reach for my gun.'Hermann Göring
2.8%
'To get rich is glorious.'Deng Xiaoping
2.2%
Remove Ads.
Support Sporcle.
Get the best of Sporcle when you Go Orange. This ad-free experience offers more features, more stats, and more fun while also helping to support Sporcle. Thank you for becoming a member.

You're not logged in!

Compare scores with friends on all Sporcle quizzes.
OR
Log In

Show Comments

Extras

Top Quizzes Today


Score Distribution

Your Account Isn't Verified!

In order to create a playlist on Sporcle, you need to verify the email address you used during registration. Go to your Sporcle Settings to finish the process.

Report this User

Report this user for behavior that violates our Community Guidelines.

Details: